000 01966nam2a22003491 4500
001 v19\rc\1342270
005 20250618121309.0
035 _a(NLR Aleph) 004561621
090 _a2281100
_c2281100
100 _a20060512d1861 |||y0rusy50 ca
101 1 _arus
_ceng
102 _aRU
105 _aa z |||||
200 0 _aЧ. 4, 5 и Прибавления
_fПер. с 4-го англ. изд. ч. 4 и Прибавлений поручиком полевой артиллерии Львовичем, ч. 5 - кап.-лейт. Тресковским
_gПод ред. чл. Учен. ком. Мор. артиллерии кап. Мусселиуса
210 _d1861
_aБ. м.
215 _a[4], 325 с., 1 л. черт.
_cчерт.
461 0 _1001v19\rc\1342267
_12001#$aМорская артиллерия$eС 4-го англ. изд. Ч. 1-5$f[Соч.] Сэра Говарда Дугласа, ген.-лейт. Великобрит. службы$vЧ. 4, 5 и Прибавления
_1700#1$aДуглас$bГ.$f1776-1861$gГовард
_92281066
_aДуглас, Г. (1776-1861)
_cСанкт-Петербург
_d1859-1861
_f[Соч.] Сэра Говарда Дугласа, ген.-лейт. Великобрит. службы
_nМорск. учен. ком.
_oС 4-го англ. изд. Ч. 1-5
_p3 т.
_tМорская артиллерия
_vЧ. 4, 5 и Прибавления
702 1 _aЛьвович
_4730
702 1 _aТресковский
_bН.Н.
_f-1901
_gНиколай Николаевич
_4730
702 1 _9z02790
_aМусселнус
_bР.В.
_f1826-1889
_gРоберт Васильевич
_4340
790 1 _9z02702
_aМусселиус
_f1826-1889
801 0 _aRU
_bNLR
_gpsbo
801 0 _aRU
_bRuMoRGB
_2psbo
801 1 _aRU
_bProSoft-M
_2rusmarc
852 _aNLR
_j18.53.4.68
899 _aRuMoRGB
_jJ 36/12
899 _aRuMoRGB
_jΔ 5/101
899 _aRuMoRGB
_jΔ 522/104
899 _aБАН
899 _aГПИБ
942 _cBOOK
980 _aNB